[Event "FIDE Womens GP Lausanne 2020"]
[Site "Lausanne"]
[Date "2020.03.09"]
[Round "7.6"]
[White "Sebag, Marie"]
[Black "Ju, Wenjun"]
[Result "1/2-1/2"]
[WhiteElo "2443"]
[BlackElo "2583"]
[Annotator "TA"]
[PlyCount "161"]
[EventDate "2020.03.02"]
[EventType "tourn"]
[EventCountry "SUI"]
[SourceTitle "playchess.com"]
[Source "ChessBase"]
[SourceQuality "1"]

{[%evp 21,161,32,53,0,19,12,11,11,7,0,0,0,0,3,10,6,15,21,20,12,16,19,13,18,16,0,0,0,0,0,0,0,0,0,10,10,6,16,22,-8,-7,-8,-7,-10,-9,-7,0,0,0,0,0,0,0,0,0,0,0,0,0,0,0,0,0,0,0,0,0,0,0,0,0,0,0,0,0,0,0,0,0,0,0,-4,-4,-8,-8,-8,-8,-9,0,-12,-8,-8,-8,-8,-8,-8,-8,-8,-8,-8,-8,-8,-8,-8,-8,-8,-8,-8,-8,-8,-8,-8,-8,-8,0,-8,-8,-8,-8,-8,-8,-8,-8,-8,-8,-8,-8,-8,-8,-8,-8,-8,-8,-8,0,-8,-8,-8,-8,-8,-8,-8]} 1. e4 e6 2. d4 d5 3. Nd2 c5 4. exd5 Qxd5 5. Ngf3 cxd4 6. Bc4 Qd6 7. O-O Nf6 8. Nb3 Nc6 9. Nbxd4 Nxd4 10. Nxd4 a6 11. Re1 Qc7 12. Bf1 {C07: French Tarrasch: 3...c5, 4 Ngf3 and 4 exd5 Qxd5.} (12. Bb3 $14) 12... Be7 {The position is equal.} 13. Qf3 O-O 14. Bf4 Qb6 15. Nb3 Bd7 {[#]} 16. c4 $146 ({Predecessor:} 16. Be5 Rfd8 17. Qg3 Rac8 18. Bd4 Qd6 19. Be5 Qb6 20. Bd4 Qd6 21. Be5 Qb6 22. Rad1 Bb5 {½-½ (22) Raja,H (2329)-Del Rio de Angelis,S (2541) Zalakaros 2016}) 16... Bc6 17. Qe3 Qxe3 18. Bxe3 a5 19. Nd4 Bd7 20. Be2 Rfc8 21. Rac1 Bc5 22. Red1 e5 23. Nb5 Bxe3 24. fxe3 Bxb5 25. cxb5 Kf8 26. g4 h6 27. h4 Ke7 28. g5 hxg5 29. hxg5 Ne8 30. b6 Nd6 31. Bg4 $132 {[%mdl 2048] White has counterplay} Rxc1 $1 32. Rxc1 $11 {[%mdl 4096] Endgame KRB-KRN} Ra6 33. Rc5 e4 34. b3 a4 35. bxa4 {Hoping for a5.} Rxb6 36. Rc7+ Kf8 37. Rd7 Nc4 38. Rd8+ Ke7 39. Rd7+ Ke8 40. Rd4 {[%mdl 64] [#] Double Attack} Nd6 41. Bd1 Ke7 42. Bb3 Rc6 43. Rd5 f6 44. gxf6+ Kxf6 45. Kf2 g5 46. a5 Ra6 47. Ba4 Nf7 48. Bc2 b6 49. Bxe4 Rxa5 50. Rd2 Ke5 51. Bf3 Nd6 52. Rb2 Rb5 53. Rc2 Rb4 54. Rd2 Nc4 55. Rc2 Rb2 56. Rxb2 Nxb2 {KB-KN} 57. Bc6 Nd3+ 58. Kg3 Nb4 59. Be8 Nxa2 {Threatens to win with ...Nc3.} 60. Kg4 Kf6 {[#] Strongly threatening ...Nc3.} 61. e4 Nc3 62. e5+ Kxe5 {And now ...Kf6 would win.} 63. Kxg5 Ne4+ 64. Kg6 Kd5 65. Bd7 Kd6 66. Be8 Kc5 67. Bd7 Kd6 68. Be8 Ke5 69. Bd7 Nc3 70. Be8 Nd5 71. Kg5 $1 Kd6 72. Ba4 Kc5 73. Kf5 Nc3 74. Be8 Nb5 75. Ke5 Nc7 76. Bd7 Nd5 77. Be8 Nc7 78. Bd7 Na6 79. Ke4 Kc4 {( -> ...Nc5+)} 80. Ke3 Nc5 81. Be8 {A rather calm draw. Accuracy: White = 97%, Black = 100%.} 1/2-1/2

[Event "FIDE Womens GP Lausanne 2020"]
[Site "Lausanne"]
[Date "2020.03.10"]
[Round "8.1"]
[White "Kashlinskaya, Alina"]
[Black "Ju, Wenjun"]
[Result "0-1"]
[WhiteElo "2484"]
[BlackElo "2583"]
[Annotator "TA"]
[PlyCount "72"]
[EventDate "2020.03.02"]
[EventType "tourn"]
[EventCountry "SUI"]
[SourceTitle "playchess.com"]
[Source "ChessBase"]
[SourceQuality "1"]

{[%evp 12,72,17,12,13,12,14,4,16,8,13,0,7,0,0,3,14,10,10,9,9,7,4,0,0,0,0,0,0,0,0,-290,-303,-295,-252,-293,-238,-280,-238,-226,-230,-233,-227,-241,-241,-306,-306,-306,-303,-296,-295,-335,-335,-512,-504,-515,-511,-508,-506,-557,-544,-529,-513]} 1. d4 Nf6 2. c4 e6 3. Nf3 d5 4. Nc3 Bb4 5. Qa4+ Nc6 6. e3 O-O 7. Bd2 {7.Qc2 is the hot move. Played by Jan Krzysztof Duda in February 2020.} dxc4 {D38: Queen's Gambit Declined: Ragozin Defence (4 Nf3 Bb4).} 8. Bxc4 Bd6 9. Qc2 e5 {The position is equal.} 10. dxe5 Nxe5 11. Nxe5 Bxe5 12. f4 Bxc3 $1 13. Bxc3 Ng4 14. Bd4 c5 15. Bxc5 {Rd1 is the strong threat.} Re8 $1 $132 {[%mdl 2048] Black puts up resistance} 16. O-O {Threatening Rfd1.} b6 {[#]} 17. Rfd1 $146 ({Predecessor:} 17. Bd4 Nxe3 18. Bxe3 Rxe3 19. Qf2 Re8 20. Rad1 Qf6 21. Qd4 Qxd4+ 22. Rxd4 Bf5 23. Rfd1 {½-½ (33) Giri,A (2782)-So,W (2770) Paris 2016}) 17... Qh4 18. g3 Qh3 19. Bd4 Bb7 {White must now prevent ...Rac8.} 20. Bf1 Qh5 21. Qe2 $2 {[%mdl 8192] [#] Black converts the advantage convincingly.} (21. Qd2 $11) 21... Bf3 $1 $19 {[%cal Rf3e2][%mdl 576] Skewer} 22. Qd2 (22. Qxf3 Qxh2#) 22... Bxd1 23. Rxd1 {[#]} Nxe3 $1 {[%mdl 512]} 24. Be2 (24. Bxe3 Rxe3) 24... Qd5 {[%csl Ge3][%cal Rd5g2]} 25. Bxe3 Qxd2 26. Rxd2 {Threatens to win with Kf2.} Rxe3 {[%mdl 4096] Endgame KRR-KRB} 27. Kf2 Ree8 28. Rd7 Rad8 29. Rxd8 Rxd8 {KR-KB} 30. Ke3 Kf8 31. a4 Ke7 32. Bc4 (32. Bd3 {was called for.}) 32... Rd1 {Black is clearly winning.} 33. b3 f6 34. Bd3 h6 35. h4 Rc1 36. Ke4 Rc3 {Accuracy: White = 63%, Black = 100%.} 0-1

[Event "FIDE Womens GP Lausanne 2020"]
[Site "Lausanne"]
[Date "2020.03.10"]
[Round "8.2"]
[White "Dzagnidze, Nana"]
[Black "Sebag, Marie"]
[Result "1-0"]
[WhiteElo "2515"]
[BlackElo "2443"]
[Annotator "TA"]
[PlyCount "67"]
[EventDate "2020.03.02"]
[EventType "tourn"]
[EventCountry "SUI"]
[SourceTitle "playchess.com"]
[Source "ChessBase"]
[SourceQuality "1"]

{[%evp 15,67,0,0,0,0,0,0,0,0,0,0,0,0,-43,-30,-53,-70,-64,-42,-60,-13,-13,-22,-45,-20,-16,-27,-66,-54,-52,51,56,27,33,406,417,405,328,752,735,1005,982,987,984,1301,1277,1232,1208,1208,1154,1150,1154,1078,1065]} 1. Nf3 d5 2. c4 c6 3. e3 Nf6 4. Nc3 e6 5. b3 Bd6 6. Qc2 O-O 7. d4 Nbd7 8. Bd3 e5 9. cxd5 {D45: Semi-Slav: 5 e3.} cxd5 {[#] And now ...e4 would win.} 10. Nb5 Bb4+ 11. Bd2 {The position is equal.} Bxd2+ 12. Nxd2 e4 13. Be2 Nb6 {[#]} 14. h3 $146 ({Predecessor:} 14. a4 Bd7 15. a5 Bxb5 16. Bxb5 Nc8 17. a6 b6 18. O-O Nd6 19. Be2 Rc8 20. Qa2 {½-½ (66) Lenic,L (2531)-Asrian,K (2623) Heraklion 2007}) 14... Be6 15. O-O Rc8 $36 {[%mdl 2048] Black is more active.} 16. Qb2 a6 17. Nc3 Rc6 18. Rfc1 Ne8 19. Nf1 Qh4 20. Na4 Rd6 {Threatens to win with ...Bxh3!} 21. Ng3 f5 22. Nc5 f4 (22... Bc8 $1 $15) 23. Nxe6 $14 Rxe6 24. Bg4 fxg3 $4 {[%mdl 8192] Now Black is done in.} ({Better is} 24... Rd6 $14 25. Nf5 Rxf5 26. Bxf5 Rf6) 25. Bxe6+ $18 Kh8 {[%cal Rg3f2]} 26. fxg3 Qh6 $2 (26... Qxg3 27. Qe2 Nf6) 27. Qa3 {[%cal Ra3f8] White is clearly winning.} Qxe3+ 28. Kh2 {[%cal Ra3f8]} Rf2 29. Rf1 ({Not} 29. Qe7 Rxg2+ 30. Kh1 (30. Kxg2 Qf3+ 31. Kg1 Qe3+ 32. Kh1 Qf3+ 33. Kg1 Qe3+ 34. Kh2 Qe2+ 35. Kh1 Qf3+ {[%mdl 64] Double Attack} 36. Kg1 $11) 30... Rh2+ 31. Kxh2 Qe2+ 32. Kh1 Qf3+ 33. Kg1 Qe3+ 34. Kh2 Qe2+ 35. Kh1 Qf3+ {[%mdl 64] Double Attack} 36. Kg1 Qe3+ 37. Kh2 $11) 29... h5 30. Bf5 {[%cal Ra3f8]} Nf6 31. Qf8+ Ng8 {[#]} 32. Qd8 $1 Rxf1 33. Rxf1 {White threatens Be6! and mate.} Qh6 34. Qe8 {Accuracy: White = 90%, Black = 50%.} 1-0

[Event "FIDE Womens GP Lausanne 2020"]
[Site "Lausanne"]
[Date "2020.03.10"]
[Round "8.3"]
[White "Goryachkina, Aleksandra"]
[Black "Cramling, Pia"]
[Result "1/2-1/2"]
[WhiteElo "2579"]
[BlackElo "2470"]
[Annotator "TA"]
[PlyCount "257"]
[EventDate "2020.03.02"]
[EventType "tourn"]
[EventCountry "SUI"]
[SourceTitle "playchess.com"]
[Source "ChessBase"]
[SourceQuality "1"]

{[%evp 21,257,21,26,26,26,22,22,0,0,0,8,6,14,14,11,10,12,9,12,9,12,14,13,15,22,2,8,0,10,2,16,13,27,11,37,27,51,23,20,27,31,31,71,71,89,22,35,10,14,0,0,0,0,0,12,6,7,6,0,0,0,0,0,0,0,0,0,0,19,10,11,13,14,14,10,7,64,0,26,33,35,32,145,146,151,141,297,24,350,341,266,88,658,613,572,365,285,0,650,637,547,77,452,84,77,8,66,8,10,0,74,65,645,638,600,597,496,8,33,33,466,47,395,132,145,0,273,8,8,8,8,8,8,8,8,8,14,14,14,14,14,14,14,14,14,14,14,14,18,18,6570,4145,4125,10,18,18,18,18,18,18,18,18,18,18,18,18,18,18,18,18,18,18,18,18,18,18,18,17,18,18,18,18,18,18,18,0,18,17,18,17,18,17,18,0,17,17,17,17,18,18,18,17,17,17,17,17,27,27,27,27,27,27,27,27,27,27,27,27,27,27,27,27,27,27,27,27,27,27,27,27,27,27,27,27,27,27,27,12]} 1. Nf3 d5 2. d4 Nf6 3. c4 dxc4 4. e3 e6 5. Bxc4 c5 6. O-O Nc6 7. a3 a6 8. dxc5 Qxd1 9. Rxd1 Bxc5 10. b4 Be7 {10...Ba7 is not played anymore.} 11. Bb2 O-O 12. Nbd2 {[%cal Bb1d2,Bd2e4,Be4c5][%mdl 32] D27: Queen's Gambit Accepted: Classical main line: 7 e4!? and 7 a4.} Bd7 13. Be2 Rfd8 {[#]} 14. Ng5 $146 {The position is equal.} ({Predecessor:} 14. Nc4 Be8 15. Nd4 Nxd4 16. Bxd4 Bb5 17. Bf1 Rac8 18. Na5 Bxf1 19. Kxf1 Rc7 20. Be5 {1-0 (62) Adhiban,B (2671)-Van Foreest,J (2609) Hoogeveen 2017}) 14... Be8 15. Nge4 Nxe4 16. Nxe4 Rxd1+ 17. Rxd1 Rd8 18. Rxd8 Nxd8 19. Bd4 Bc6 20. Nc5 Bd5 21. Nd7 f6 22. Nb6 Bc6 23. f3 Kf7 24. e4 Ke8 25. Bc4 Bd6 26. Kf2 Bc7 27. g3 e5 28. Bc5 Nf7 29. Bb3 Nd6 30. a4 Kd8 31. g4 Be8 32. Nd5 Bb8 33. Bb6+ (33. Ne3 $16) 33... Kd7 $11 34. h4 h5 35. Kg3 hxg4 36. Kxg4 Bf7 37. h5 Be6+ 38. Kh4 Nf7 39. a5 {Threatening mate with Ba4+.} Bd6 40. Be3 Kd8 41. Ba2 Bf8 42. Bb6+ Kd7 43. Bb3 Bd6 44. Kg3 f5 45. exf5 Bxf5 46. Ba4+ Ke6 47. Nc7+ Ke7 48. Bc5 Bd7 (48... Bxc5 $11 49. bxc5 Nd8) 49. Bb3 ({White should play} 49. Nd5+ $14 Ke6 50. Bxd7+ Kxd7 51. Bxd6 Kxd6 52. Nc3) 49... e4+ 50. Bxd6+ Nxd6 {[%mdl 4096] Endgame KBN-KBN} 51. Nd5+ Kf8 (51... Kd8 $14) 52. fxe4 $16 Nxe4+ 53. Kf4 Nd6 $2 (53... Nd2 $16 {was worth a try.} 54. Bd1 Bc6) 54. Bd1 $2 (54. Ke5 $18 Nf7+ 55. Kd4) 54... Nb5 $2 {[%mdl 8192]} (54... Bc6 $11 {and Black has nothing to worry.}) 55. Ke5 $1 $18 Bc6 56. Nf4 $2 (56. Bb3 $18 Na7 57. Bd1) 56... Bd7 $2 {[%mdl 8192]} (56... Nc7 $16) 57. Bf3 Bc8 58. Nd3 Ke7 59. Nf4 $2 (59. Nc5 $18) 59... Na3 $2 {[%mdl 8192]} (59... Kf8 $11) 60. Nd5+ Kd8 {Black hopes to continue with ...Nc4+.} 61. Kd6 $2 (61. Nb6 $18 {has better winning chances.}) 61... Nc4+ $16 62. Kc5 Ne5 63. Be4 (63. Bg2 $16) 63... Bd7 (63... Bg4 $11) 64. Ne3 (64. Nf4 $14 Kc7 65. Nd5+ Kd8 66. Nb6) 64... Kc7 $1 $11 65. Nd5+ ({White should try} 65. Bc2 $11) 65... Kd8 $1 $16 66. Nf4 $1 Bc8 $2 {[%mdl 8192]} (66... Kc7 $14) 67. Kb6 $18 Nc4+ 68. Ka7 $1 Nd6 69. Bd3 $2 (69. Bf3 $18) 69... Bg4 70. Kb6 Bc8 $2 {[%mdl 8192]} (70... Kc8 $14) 71. Kc5 $2 (71. Bf1 $18 {Threatens to win with Bg2.} Bf5 72. Bh3) 71... Ne8 $2 {[%mdl 8192]} (71... Nf5 $14) 72. Nd5 $2 (72. Bg6 $1 $18 {is the precise move to win.}) 72... Be6 73. Nf4 (73. Bg6 $1 $16 {[%cal Rg6e8] Black must now prevent Bxe8.} Bd7 74. Nf4) 73... Bc8 {[#]} 74. Be4 $2 (74. Bg6 $1 $18) 74... Nf6 $11 75. Bf3 Kc7 76. Kd4 b6 77. Ke5 bxa5 78. bxa5 Bd7 {[#]} 79. h6 $1 {[%mdl 576] Deflection} gxh6 80. Kxf6 {And now Ke7 would win.} Kd6 81. Be2 Bc8 82. Nd3 {With the idea Bf3.} Bb7 83. Ne5 {White wants to play Nd3.} Kc5 84. Ke7 Kb4 85. Kd6 Be4 $2 {[%mdl 8192]} (85... Bg2 $11) 86. Nc4 $18 h5 {[#]} 87. Nd2 $2 ({White must play} 87. Kc7 $1 $18 {[%cal Rc7b6]} h4 88. Nd2) 87... Bg2 88. Bxh5 Kxa5 89. Kc5 {Intending Nc4+ and mate.} Ka4 90. Bd1+ Ka3 91. Nc4+ Ka2 92. Kb4 Bd5 93. Ne3 Be6 94. Kc3 Bf7 95. Nc2 a5 96. Nd4 Bd5 97. Bc2 Bf7 98. Be4 Bg8 99. Ne2 Bf7 100. Nc1+ Ka1 101. Bc2 Be6 102. Ne2 Bf7 103. Be4 Bg8 104. Bd3 Bf7 105. Nc1 Be6 106. Kc2 Ba2 107. Kc3 (107. Bb5 {feels hotter.} Be6 108. Ba4 Bg8 109. Kc3 Kb1 110. Nd3) 107... Bf7 (107... Be6 {with more complications.}) 108. Ne2 Bh5 109. Nd4 Bf7 110. Be4 Bg8 111. Kc2 Ka2 112. Nc6 Be6 113. Kc3 Bf7 114. Nxa5 {White has an edge.} Be6 115. Nc6 Bf7 116. Nb4+ Ka3 117. Bc2 Bb3 118. Bf5 Bf7 119. Bd7 Bg6 120. Nd5 Bf7 121. Ne3 $1 Bg8 122. Nc2+ Ka2 123. Ba4 Bf7 124. Nd4 Bd5 125. Ne2 Bf7 126. Bc2 Ka3 127. Nd4 Bd5 128. Bd1 {Hoping for Nc2+.} Bf7 129. Nb5+ {Accuracy: White = 77%, Black = 76%.} 1/2-1/2

[Event "FIDE Womens GP Lausanne 2020"]
[Site "Lausanne"]
[Date "2020.03.10"]
[Round "8.4"]
[White "Kosteniuk, Alexandra"]
[Black "Muzychuk, Mariya"]
[Result "0-1"]
[WhiteElo "2504"]
[BlackElo "2552"]
[Annotator "TA"]
[PlyCount "120"]
[EventDate "2020.03.02"]
[EventType "tourn"]
[EventCountry "SUI"]
[SourceTitle "playchess.com"]
[Source "ChessBase"]
[SourceQuality "1"]

{[%evp 14,120,37,37,17,11,10,20,0,11,9,0,29,30,81,92,80,-7,-6,-11,0,2,14,0,0,-25,12,0,0,0,0,11,3,16,81,0,0,-83,-85,-99,-101,-104,-104,-95,-100,-99,-33,-75,-70,-69,-69,-70,-73,-100,-74,-67,-74,-73,-66,-111,-47,-111,-113,-178,-175,-177,-182,-193,-186,-187,-187,-262,-224,-211,-209,-204,-236,-239,-225,-204,-117,-117,-117,-420,-117,-455,-458,-499,-481,-29969,-29969,-29980,-29981,-29981,-29978,-29977,-29979,-29979,-29979,-29979,-29980,-29979,-29979,-29979,-29980,-29979,-29980,-29977,-29971]} 1. e4 e6 2. d4 d5 3. Nc3 Nf6 4. Bg5 dxe4 5. Nxe4 Be7 6. Bxf6 gxf6 7. Nf3 f5 8. Nc3 a6 {C13: French: Classical System: 4 Bg5 Be7, Alekhine-Chatard Attack.} 9. Qe2 b5 10. O-O-O b4 {The position is equal.} 11. Na4 Qd5 12. Kb1 Bd7 13. Nc5 $1 {[#]} Bxc5 $146 (13... Bb5 $1 $11 14. Qe5 Qxe5 15. Nxe5 Bxf1 16. Rhxf1 Bxc5 17. dxc5 f6) ({Predecessor:} 13... Bb5 14. Qe5 Qxe5 15. Nxe5 Bd6 16. g3 Bxe5 17. dxe5 Bc6 18. Rg1 Bf3 19. Rd3 Bd5 {0-1 (58) Hou,Y (2652)-Caruana,F (2802) chess.com INT 2017}) 14. dxc5 $16 Bb5 15. Qd2 ({Reject} 15. Rxd5 $6 Bxe2 16. Rd4 Bxf3 $11) (15. Qe1 $1 $16 Qxc5 16. Bxb5+ axb5 17. Qd2) 15... Qxd2 $11 {[%cal Rd2d1]} 16. Bxb5+ (16. Rxd2 {with more complications.} Bxf1 17. Rxf1 Nd7 18. c6 Nb6 19. Ne5) 16... axb5 17. Rxd2 Nd7 18. c6 $36 {[%mdl 2048] White fights for an advantage.} Nf6 19. Rd4 Nd5 20. Ne5 Ke7 21. Re1 Rhg8 22. g3 Ra4 23. Nd3 {aiming for Rxd5.} Kf6 (23... Kd6 $1 $11 {keeps the balance.}) 24. Nc5 (24. Rxd5 $16 exd5 25. b3) 24... Ra7 25. Nd3 (25. Rxd5 $11 exd5 26. Nd3) 25... Rga8 $1 $17 26. Nxb4 Nxb4 27. Rxb4 Rxa2 {[%csl Ga8][%cal Ra2a1][%mdl 4096] Endgame KRR-KRR} 28. Kc1 Rd8 $1 {[%cal Ra2a1]} 29. Kb1 Ra5 (29... Ra6 $1 $17 30. Rxb5 Rd2) 30. f4 Rd6 31. c4 bxc4 32. Rxc4 Rd2 33. h4 Rb5 34. b4 Ke7 35. Re3 Kd6 36. Rec3 Rbd5 (36... Kd5 $17 37. Kc1 Rg2) 37. Rc2 ({White should try} 37. Rb3 $15) 37... R2d3 38. Rb2 (38. Ra2 $17 {is a better defense.}) 38... Rb5 39. Ka2 Rxg3 40. Rd4+ Rd5 41. Rxd5+ exd5 $19 {KR-KR} 42. b5 (42. Rc2 {was worth a try.}) 42... Rg8 43. Re2 Rb8 44. Re5 Rxb5 45. Rxf5 Kxc6 46. Rf6+ Kb7 (46... Kc5 $1 $19 {Strongly threatening ...Kd4.} 47. Rxf7 c6 48. Rxh7 Rb8) 47. Rxf7 $17 h6 48. Ka3 $2 {[%mdl 8192] [#]} (48. Rh7 $17) 48... Rb1 $2 (48... Kc6 $1 $19 {is more deadly.} 49. Rh7 Rb7 50. Rxh6+ Kb5) 49. Rd7 $2 {[%mdl 8192]} (49. Rh7 $17 {is more resistant.}) 49... Kc6 $19 50. Rh7 d4 51. Rxh6+ (51. Ka2 $19 Rb8 52. f5) 51... Kd5 {Black mates.} 52. f5 d3 53. Rh7 c5 54. Rd7+ {[#]} Kc4 $1 {[%cal Rc4c3]} 55. f6 Rf1 56. f7 Kc3 {[%cal Rf1a1]} 57. Ka4 d2 58. Kb5 c4 59. h5 Rf5+ 60. Kc6 {[#]} Rxf7 $1 {[%mdl 576] Promotion. Accuracy: White = 55%, Black = 72%.} 0-1

[Event "FIDE Womens GP Lausanne 2020"]
[Site "Lausanne"]
[Date "2020.03.10"]
[Round "8.5"]
[White "Abdumalik, Zhansaya"]
[Black "Muzychuk, Anna"]
[Result "1/2-1/2"]
[WhiteElo "2471"]
[BlackElo "2539"]
[Annotator "TA"]
[PlyCount "48"]
[EventDate "2020.03.02"]
[EventType "tourn"]
[EventCountry "SUI"]
[SourceTitle "playchess.com"]
[Source "ChessBase"]
[SourceQuality "1"]

{[%evp 24,48,21,8,6,3,10,0,13,16,6,11,8,0,0,0,0,0,0,-2,0,0,0,0,0,0,0]} 1. e4 c5 2. Nf3 Nc6 3. d4 cxd4 4. Nxd4 Nf6 5. Nc3 e5 6. Ndb5 d6 7. Bg5 a6 8. Na3 b5 9. Nd5 Be7 10. Bxf6 Bxf6 11. c3 Rb8 12. Nc2 Bg5 13. a4 {The position is equal.} bxa4 {B33: Sicilian: Pelikan and Sveshnikov Variations.} 14. Nce3 O-O 15. Qxa4 Bxe3 16. Nxe3 Ne7 $1 17. O-O-O Qc7 18. Qa3 (18. Bxa6 {[#]} Qb6 $1 $17 {[%mdl 512]}) 18... Be6 19. Qxd6 Qa5 {[#] aiming for ...Qa1+.} 20. Qxa6 ({Wrong is} 20. Qxe7 $2 Qa1+ 21. Kd2 Qxb2+ 22. Nc2 (22. Ke1 $2 Qxc3+ 23. Rd2 Rfd8 $19) 22... Rfd8+ 23. Bd3 Bc4 $19) 20... Qc7 {[#]} 21. Qd6 $146 ({Predecessor:} 21. Rd6 Bc8 22. Qd3 Be6 23. Qa6 Bc8 24. Qa3 Bb7 25. Bb5 Bxe4 26. Rd7 Qb6 27. Qa6 Qc5 28. Bd3 Ra8 29. Qc4 Ra1+ 30. Kd2 Qxc4 31. Nxc4 Rxh1 32. Bxe4 {½-½ (43) Ticleanu,S (1996)-Lackner,J (1969) ICCF email 2017}) 21... Qa7 {...Qa1+ is the strong threat.} 22. Qa6 ({But not} 22. Qxe5 $2 Bb3 $19) 22... Qc7 23. Qd6 Qa7 {White must now prevent ...Qa1+.} 24. Qa6 (24. Qxe5 $2 Bb3 $19) 24... Qc7 {Not much happened in this game. Accuracy: White = 100%, Black = 100%.} 1/2-1/2

[Event "FIDE Womens GP Lausanne 2020"]
[Site "Lausanne"]
[Date "2020.03.10"]
[Round "8.6"]
[White "Stefanova, Antoaneta"]
[Black "Harika, Dronavalli"]
[Result "1-0"]
[WhiteElo "2469"]
[BlackElo "2518"]
[Annotator "TA"]
[PlyCount "189"]
[EventDate "2020.03.02"]
[EventType "tourn"]
[EventCountry "SUI"]
[SourceTitle "playchess.com"]
[Source "ChessBase"]
[SourceQuality "1"]

{[%evp 23,189,0,0,0,0,0,0,-6,-2,-10,-13,-11,-8,-13,-3,-35,-14,-12,0,0,0,0,0,0,0,-7,41,39,26,-21,-15,-8,22,28,41,29,37,33,49,45,48,63,72,75,73,72,80,78,107,106,94,73,70,56,60,64,104,78,80,77,77,73,104,110,108,102,97,85,108,67,145,95,95,95,145,122,118,113,118,87,209,209,339,333,331,310,529,491,494,481,435,435,1117,1219,1266,1222,1144,1086,721,0,694,535,1404,978,1061,135,135,135,135,135,135,135,135,135,135,135,583,135,135,0,487,375,318,304,2337,275,29938,29944,29944,12849,12791,12795,11474,6402,5401,3563,29964,29963,29975,29976,29962,8,29975,29976,29976,29977,29978,29979,29979,29980,29981,29982,29982,29983,29983,29984,29984,29985,29985,29986,29986,29987,29986,29985,29989,29990,29990,29991]} 1. d4 Nf6 2. c4 e6 3. Nf3 d5 4. g3 Bb4+ 5. Bd2 Be7 6. Bg2 O-O 7. O-O c6 8. Qc2 Nbd7 9. Bf4 b6 10. cxd5 cxd5 11. Rc1 Bb7 12. Bc7 Qe8 13. Nc3 {E08: Closed Catalan: Main Line: 7 Qc2.} Nb8 14. a4 Nc6 15. Nb5 {The position is equal.} Qd7 16. Ne5 Nxe5 17. Bxe5 Rfc8 18. Qb3 {[#]} Rc6 $146 ({Predecessor:} 18... Bc6 19. Rc3 Ne8 20. Rac1 a6 21. Nc7 Bxa4 22. Qxb6 Nxc7 23. Bxc7 Bd8 24. e4 Rab8 25. Qa5 dxe4 26. Bxb8 Bxa5 27. Rxc8+ {1-0 (32) Tashkhodzhaev,A-Shabanov,Y (2410) Tashkent 1987}) 19. Bf1 Ne8 20. Bf4 Rxc1 21. Rxc1 Bc6 22. Bd2 a6 23. Nc3 {[%cal Bb5c3,Bc3a2,Ba2b4][%mdl 32]} Nd6 24. e3 b5 25. axb5 axb5 26. Na2 Nc4 $1 {[%cal Rc4d2]} 27. Be1 Qa7 28. Nb4 Be8 29. Qc3 Rc8 30. b3 $36 {[%mdl 2048] White is more active.} Nb6 31. Qa1 Qxa1 32. Rxa1 Ra8 33. Rxa8 Nxa8 34. Na6 Kf8 35. Ba5 Bd6 36. Bd3 Ke7 37. e4 ({Not} 37. Bxh7 g6 $15) 37... Ba3 38. Kf1 g6 39. Ke2 f6 40. f4 Bb2 41. Bb4+ Kd8 42. Bc5 Kc8 43. exd5 exd5 44. f5 Nc7 45. Nb4 Bc3 46. g4 g5 (46... gxf5 $14 47. Bxf5+ Bd7) 47. Na2 Bb2 48. Ke3 {aiming for Be7.} Kd8 49. Be2 Na6 50. Bb6+ $1 Kc8 51. Ba5 Nb8 (51... Bc6 $16) 52. Bc3 $18 Bxc3 (52... Ba3 $142 53. Bb4 Bxb4 54. Nxb4 Bf7) 53. Nxc3 {[%mdl 4096] Endgame KBN-KBN} Bc6 54. Bxb5 Kc7 $2 (54... Bxb5 55. Nxb5 Nc6) 55. b4 {[%cal Bb3b4,Bb4b5,Bb5b6][%mdl 32]} Kd6 56. Kd3 Bb7 57. Na4 Ba6 (57... Kc7 $142 58. Nc3 Kd6) 58. Bxa6 Nxa6 {KN-KN} 59. b5 Nc7 60. Nc3 Na8 61. Na4 Nc7 62. b6 $1 Nb5 {Now ...Kc6 and Black clings on.} 63. Nc5 h6 64. h3 $2 (64. Na6 $18 {and the rest is easy. Intending b7 and mate.} Kc6 65. Nb4+ Kxb6 66. Nxd5+ {[%mdl 64] Double Attack} Kc6 67. Nxf6) 64... Kc6 $16 65. b7 Kc7 66. Nd7 Kxb7 67. Nxf6 Kc6 68. Ng8 Kd7 69. Ke3 Nd6 $2 {[%mdl 8192]} (69... Kd6 $16 {is a better chance.} 70. Nxh6 Ke7) 70. Nf6+ $2 (70. Nxh6 $18 {is the precise move to win.} Ke8 71. h4 gxh4 72. Kf4) 70... Kc6 71. Ng8 $2 {[%mdl 8192]} (71. Nh7 $16) 71... Kd7 $1 $18 {White now steadily converts the win.} 72. Nxh6 Ke7 73. h4 $1 {[%cal Rh4g5]} Kf6 $2 (73... gxh4 74. g5 h3) 74. Kf3 $2 (74. Ng8+ Kf7 75. hxg5 Kxg8 76. Kf4) 74... Nb5 $2 (74... Ne4 $18 75. hxg5+ Nxg5+ 76. Kf4 Nh3+ 77. Kg3 Ng5) 75. hxg5+ $1 {[%mdl 64] Overworked Piece} Kxg5 76. Nf7+ Kf6 77. Ne5 Nxd4+ 78. Kf4 Ne2+ 79. Ke3 {Nd7+ is the strong threat.} Ng3 80. Nd7+ Kg5 81. f6 Kg6 {[#]} 82. Kf4 $2 (82. g5 $1 {[%mdl 512] mates} Ne4 (82... Kxg5 83. f7) 83. Ne5+ Kf5 84. f7 Kxe5 85. f8=Q d4+ 86. Kd3 Nxg5 87. Qc5+ Kf4 88. Qxd4+ Kf5 89. Ke3) 82... Ne2+ $2 {[%mdl 8192] [#]} (82... Ne4 $11) 83. Ke5 $1 {[%cal Re5d5] White mates.} d4 84. Ke4 Kf7 85. g5 Ke6 86. Ne5 Ng3+ 87. Kxd4 Nh5 88. f7 Ke7 89. Ke4 Ng7 90. g6 Ne6 91. Kf5 Nd8 92. Kg5 Ne6+ 93. Kh6 Nd8 94. g7 Nxf7+ 95. Nxf7 {Accuracy: White = 80%, Black = 58%.} 1-0